| 000 | nam a22 7a 4500 | ||
|---|---|---|---|
| 999 |
_c7201 _d7201 |
||
| 003 | OSt | ||
| 005 | 20181205130301.0 | ||
| 008 | 181204s2010 fr ||||| |||| 00| 0 fre d | ||
| 020 | _a9782915536942 | ||
| 040 |
_aCDMR _bcat _cCDMR |
||
| 245 | 1 | 0 |
_aPierre & Alexandra Boulat _b: 100 photos for press freedom |
| 260 |
_aParis : _bReporters sans Frontieres, _c2010 |
||
| 300 |
_a142 p. : _bfotografies ; _c29 cm |
||
| 490 |
_aReporters without borders ; _v34 |
||
| 650 | 0 | 4 |
_91582 _aLlibertat d'impremta _xFotografia |
| 650 | 0 | 4 |
_93074 _aPeriodistes _vBiografia |
| 700 | 1 |
_94633 _aBoulat, Pierre |
|
| 700 | 1 |
_94634 _aBoulat, Alexandra |
|
| 710 | 2 |
_91923 _aReportiers Sans Frontières |
|
| 942 |
_2udc _cMON |
||